| 000 | 00481nam a22002057a 4500 | ||
|---|---|---|---|
| 001 | 21571 | ||
| 005 | 20260318092935.0 | ||
| 008 | 260318b |||||||| |||| 00| 0 spa d | ||
| 041 | _aESP | ||
| 082 |
_a624.1834 _bS71 |
||
| 100 | _aSotomayor Cruz, Cristian | ||
| 245 | _aLa ciencia y el arte del concreto | ||
| 260 |
_a : _b , _c2020 |
||
| 300 |
_a311 páginas : _b ; _c17 cm. |
||
| 440 | _a ; | ||
| 650 | _aTCA | ||
| 654 | _aCIC | ||
| 700 | _a; | ||
| 942 |
_cLIB _dJUS _fJUS _2ddc |
||
| 999 |
_c21571 _d21571 |
||